000 00540nam a2200193 a 4500
001 1778578638849
003 YourLibrary
005 20260512150840.0
008 260512s2007##################000#0#eng##
020 _a9783110190892
082 0 4 _a420.9
_bCAI
100 1 _aCain, Christopher M.,
_eauthor.
245 1 0 _aStudies in the History of the English Language III :
260 _bWalter de Gruyter,
_c2007.
300 _a324 pages
650 0 _aForeign Language Study.
942 _cENGLISH
040 _aYourLibrary
_beng
_cYourLibrary
999 _c623161
_d623161